000 00466cam a2200181ua 4500
020 _c5.75
041 _amal
_h
082 _a362.554
_bDAN/IN
100 _aDandekkar, V M .
245 _aIndiayile daridryam /
_cV M Dandekkar.
_hTextual Documents
260 _aThiruvananthapuram :
_bState Instititute of Languages ,
_c1974.
300 _a164 ; .
365 _a5.75
504 _a
700 1 _aRath, Nilakantha .
942 _cBK
999 _c4693
_d4693